00744 2200277 4500001002100000005001500021035002000036007000300056008004100059082001500100084001700115100002200132245007200154250001900226260004300245300003700288500002700325500001100352650001000363040001700373090001900390041000800409850001200417700001900429990001800448INLIS00000000084408620190111031236 a0010-0119000453ta190111 g 0 eng 04223a341.46 a341.46 MAT m1 aMattern, Theodore1 aManual of civil aviation law /cTheodore Mattern and Anne J. Mathes aSecond edition aNew York :bOceana Publications,c1952 a95 halaman :bIlustrasi ;c19 cm aTeks berbahasa Inggris aIndeks 4aHukum aYOPDYOGbind aL 341.46 MAT m0 aeng aYOPDYOG0 aAnne J. Mathes a37170-PD/A.08